[Event "TCh-FRA Top 16 Haute 2023"]
[Site "Chartres FRA"]
[Date "2023.06.09"]
[Round "2.3"]
[Board "2"]
[White "Korobov, Anton"]
[Black "Lupulescu, Constantin"]
[Result "0-1"]
[WhiteTitle "GM"]
[BlackTitle "GM"]
[WhiteElo "2661"]
[BlackElo "2573"]
[WhiteTeam "Echiquier Chalonnais"]
[BlackTeam "Grasse Echecs"]
[WhiteFideId "14105730"]
[BlackFideId "1207822"]
[EventDate "2023.06.08"]

1. Nf3 d5 2. g3 Nd7 3. Bg2 e5 4. d3 Ngf6 5. O-O Be7 6. Nbd2 O-O 7. e4 dxe4 8.
dxe4 c6 9. b3 Qc7 10. Bb2 Re8 11. Qe2 b5 12. Ne1 Bd6 13. Nd3 Nc5 14. Kh1 a5 15.
f4 Nxd3 16. cxd3 exf4 17. Bxf6 gxf6 18. d4 Kh8 19. Qf2 a4 20. Rac1 axb3 21. Nxb3
Ra6 22. gxf4 Qa7 23. Rc2 Be6 24. Nc5 Bxc5 25. Rxc5 Qe7 26. Rh5 f5 27. d5 cxd5
28. exd5 Bd7 29. Rh3 Qf6 30. a3 Rea8 31. Qc5 Rc8 32. Qe3 Re8 33. Qc1 Rc8 34. Qb1
Rca8 35. Rff3 Ra4 36. Qg1 Qd4 37. Re3 Rd8 38. Rhf3 Qf6 39. Re5 Rxf4 40. Qe3 Rxf3
41. Bxf3 Rc8 42. Qe1 f4 43. Re7 Bh3 44. d6 Qc3 45. Bb7 Qxe1+ 46. Rxe1 Rc3 47.
Kg1 Rxa3 48. Bc6 Rd3 49. Bxb5 Rxd6 50. Kf2 Kg7 51. Be2 Kf6 52. Ra1 Rd4 53. Ra5
Be6 54. Bf3 Rd2+ 55. Kg1 Rd3 56. Kf2 Rd2+ 57. Kg1 Rd4 58. Kf2 Bf5 59. Ke1 Rb4
60. Kf2 Bb1 61. h4 Bf5 62. Ra6+ Be6 63. Ra5 Rb2+ 64. Kg1 Rc2 65. Be4 Rc1+ 66.
Kf2 h6 67. Bf3 Rc2+ 68. Kg1 Rc4 69. Kf2 Rd4 70. Rh5 Kg6 71. Ra5 Rb4 72. Kg1 Bf5
73. Ra6+ Kg7 74. Kf2 Bd3 75. Ra3 Bb1 76. Ra7 Bf5 77. Ra6 Be6 78. Ra5 Bc4 79. Bd5
Bd3 80. Ra7 Bg6 81. Bf3 Rd4 82. Ra5 Bd3 83. Rd5 Rxd5 84. Bxd5 Kf6 85. Bf3 Kf5
86. Bh5 Bc4 87. Kf3 Bd5+ 88. Kf2 Ke5 89. Bd1 Kf5 90. Bh5 f3 91. Kg3 Ke5 92. Bg4
f5 93. Bh5 Bc6 94. Kf2 Kf4 95. Bf7 Kg4 96. h5 Kf4 97. Bg6 Kg4 98. Bf7 Bb7 99.
Bg6 f4 100. Be8 Kg5 101. Bg6 Bd5 102. Be8 Kf6 103. Bg6 Bc6 104. Bc2 Be8 105.
Kxf3 Kg5 106. Be4 Bxh5+ 107. Kf2 Bg4 108. Bc6 h5 109. Bd5 Kf5 110. Bb7 Ke5 111.
Bc6 Be6 112. Bg2 h4 113. Bf1 Bf5 114. Kf3 h3 0-1

[Event "TCh-FRA Top 16 Haute 2023"]
[Site "Chartres FRA"]
[Date "2023.06.09"]
[Round "2.3"]
[Board "3"]
[White "Wirig, Anthony"]
[Black "Grandelius, Nils"]
[Result "0-1"]
[WhiteTitle "GM"]
[BlackTitle "GM"]
[WhiteElo "2518"]
[BlackElo "2674"]
[WhiteTeam "Grasse Echecs"]
[BlackTeam "Echiquier Chalonnais"]
[WhiteFideId "615013"]
[BlackFideId "1710400"]
[EventDate "2023.06.08"]

1. d4 d5 2. c4 e6 3. Nf3 Nf6 4. g3 Bb4+ 5. Nbd2 dxc4 6. Bg2 b5 7. O-O a5 8. a3
Be7 9. b3 cxb3 10. Qxb3 c6 11. Ne5 Bb7 12. Bb2 a4 13. Qc2 Nbd7 14. Rfd1 Rc8 15.
Ne4 Nxe4 16. Qxe4 Nxe5 17. dxe5 Qc7 18. Rd6 O-O 19. Rad1 Rcd8 20. R1d3 Rfe8 21.
Bc3 Rxd6 22. exd6 Bxd6 23. Qd4 Bf8 24. Qd7 Qxd7 25. Rxd7 Ba8 26. Bb4 c5 27. Bc3
b4 28. Bb2 Bxg2 29. Kxg2 Ra8 30. Kf3 bxa3 31. Bxa3 c4 32. Bxf8 Kxf8 33. Ke3 c3
34. Rd1 c2 35. Rc1 Rc8 36. Kd2 Ke7 0-1

[Event "TCh-FRA Top 16 Haute 2023"]
[Site "Chartres FRA"]
[Date "2023.06.09"]
[Round "2.3"]
[Board "4"]
[White "David, Alberto"]
[Black "Parligras, Mircea-Emilian"]
[Result "1/2-1/2"]
[WhiteTitle "GM"]
[BlackTitle "GM"]
[WhiteElo "2540"]
[BlackElo "2556"]
[WhiteTeam "Echiquier Chalonnais"]
[BlackTeam "Grasse Echecs"]
[WhiteFideId "4000013"]
[BlackFideId "1204297"]
[EventDate "2023.06.08"]

1. c4 e6 2. Nc3 d5 3. d4 Nf6 4. cxd5 exd5 5. Bg5 Be7 6. e3 h6 7. Bh4 Bg4 8. f3
Be6 9. Bd3 c5 10. Nge2 Nc6 11. O-O O-O 12. Rc1 cxd4 13. exd4 Rc8 14. Kh1 Qd7 15.
Na4 b6 16. Ba6 Rc7 17. Bb5 Rfc8 18. Ba6 Rd8 19. Bb5 Qc8 20. Bg3 Bd6 21. Bxd6
Rxd6 22. Qd2 Ne7 23. Rxc7 Qxc7 24. Rc1 Qb8 25. b3 Bd7 26. Bxd7 Rxd7 27. Nb2 Rc7
28. Nd3 Rxc1+ 29. Qxc1 Qc8 30. Qxc8+ Nxc8 31. Kg1 Ne8 32. Kf2 1/2-1/2

[Event "TCh-FRA Top 16 Haute 2023"]
[Site "Chartres FRA"]
[Date "2023.06.09"]
[Round "2.3"]
[Board "5"]
[White "Sochacki, Christophe"]
[Black "Salgado Lopez, Ivan"]
[Result "1/2-1/2"]
[WhiteTitle "GM"]
[BlackTitle "GM"]
[WhiteElo "2450"]
[BlackElo "2591"]
[WhiteTeam "Grasse Echecs"]
[BlackTeam "Echiquier Chalonnais"]
[WhiteFideId "662569"]
[BlackFideId "2257327"]
[EventDate "2023.06.08"]

1. e4 c5 2. Nf3 d6 3. d4 cxd4 4. Qxd4 Nc6 5. Bb5 Bd7 6. Qd3 Rc8 7. c4 Nb4 8.
Bxd7+ Qxd7 9. Qb3 Nc6 10. O-O g6 11. Bd2 Bg7 12. Bc3 Nf6 13. Nbd2 O-O 14. Rad1
Qc7 15. Rc1 a6 16. Rfe1 Rfd8 17. h3 Bh6 18. Qa3 Nd7 19. b3 Nc5 20. Rc2 b5 21. b4
Nd3 22. Rf1 a5 23. cxb5 Ncxb4 24. Bxb4 Qxc2 25. Bxa5 Ra8 26. Qb3 Qxb3 27. Nxb3
Rdb8 28. a4 Nb2 29. Ra1 Bg7 30. Nfd2 Bh6 31. Bc7 Rb7 32. b6 Nxa4 33. Nc4 Nxb6
34. Bxb6 Rxa1+ 35. Nxa1 f5 36. Nb3 fxe4 37. Nba5 Rb8 38. Nc6 Re8 39. Kf1 Kf7 40.
Nd8+ Kf6 41. Ke2 Bf8 42. f3 exf3+ 43. gxf3 e6 44. Nc6 Ra8 45. Bd8+ Kf7 46. Bc7
Ra2+ 47. Kd3 Rh2 48. Nxd6+ Bxd6 49. Bxd6 Rxh3 50. Ne5+ Kg7 51. Ke4 Rh1 52. f4
Re1+ 53. Kf3 Rf1+ 54. Kg3 Rb1 55. Nf3 h6 56. Be5+ Kf7 57. Bd4 Rb3 58. Kg2 g5 1/2-1/2

[Event "TCh-FRA Top 16 Haute 2023"]
[Site "Chartres FRA"]
[Date "2023.06.09"]
[Round "2.3"]
[Board "6"]
[White "Velten, Paul"]
[Black "Demuth, Adrien"]
[Result "0-1"]
[WhiteTitle "GM"]
[BlackTitle "GM"]
[WhiteElo "2493"]
[BlackElo "2485"]
[WhiteTeam "Echiquier Chalonnais"]
[BlackTeam "Grasse Echecs"]
[WhiteFideId "681091"]
[BlackFideId "642274"]
[EventDate "2023.06.08"]

1. d4 Nf6 2. c4 e6 3. Nf3 d5 4. Nc3 dxc4 5. e4 b5 6. e5 Nd5 7. Nxb5 Nb6 8. Be2
Nc6 9. Be3 Be7 10. Nc3 O-O 11. a3 Rb8 12. Qc2 Na5 13. h4 f5 14. exf6 gxf6 15. g4
Nd5 16. g5 f5 17. Rg1 Nxe3 18. fxe3 Bb7 19. Ne5 c5 20. O-O-O cxd4 21. Nxc4 Ba6
22. g6 Bxc4 23. Bxc4 Nxc4 24. Qe2 Qc7 25. gxh7+ Kh8 26. Rg8+ Rxg8 27. hxg8=Q+
Kxg8 28. exd4 Qf4+ 0-1

[Event "TCh-FRA Top 16 Haute 2023"]
[Site "Chartres FRA"]
[Date "2023.06.09"]
[Round "2.3"]
[Board "7"]
[White "Barbot, Pierre1"]
[Black "Bournel, Antoine"]
[Result "1-0"]
[WhiteTitle "IM"]
[BlackTitle "IM"]
[WhiteElo "2458"]
[BlackElo "2354"]
[WhiteTeam "Grasse Echecs"]
[BlackTeam "Echiquier Chalonnais"]
[WhiteFideId "663727"]
[BlackFideId "26093553"]
[EventDate "2023.06.08"]

1. d4 Nf6 2. c4 g6 3. Nc3 Bg7 4. e4 d6 5. Bd3 O-O 6. Nge2 c5 7. d5 e6 8. O-O
exd5 9. exd5 Nbd7 10. f4 a6 11. a4 Ne8 12. f5 Ne5 13. Ng3 Nf6 14. Be2 Bd7 15.
Bg5 Qb6 16. a5 Qc7 17. Qd2 Bxf5 18. Rxf5 gxf5 19. Nxf5 Ng6 20. h4 h5 21. Rf1 Nh7
22. Bh6 Be5 23. Bxf8 Rxf8 24. Bxh5 Qd8 25. g3 Kh8 26. Ne4 Qd7 27. Qh6 Kg8 28.
Kg2 Rd8 29. Bxg6 fxg6 30. Qxg6+ Kh8 31. Nh6 1-0

[Event "TCh-FRA Top 16 Haute 2023"]
[Site "Chartres FRA"]
[Date "2023.06.09"]
[Round "2.3"]
[Board "8"]
[White "Alexieva, Silvia"]
[Black "Milliet, Sophie"]
[Result "1/2-1/2"]
[WhiteTitle "IM"]
[BlackTitle "IM"]
[WhiteElo "2213"]
[BlackElo "2384"]
[WhiteTeam "Echiquier Chalonnais"]
[BlackTeam "Grasse Echecs"]
[WhiteFideId "2902265"]
[BlackFideId "623725"]
[EventDate "2023.06.08"]

1. Nf3 d5 2. g3 Nf6 3. Bg2 e6 4. c4 Be7 5. O-O O-O 6. b3 d4 7. e3 c5 8. exd4
cxd4 9. d3 Nc6 10. Re1 Re8 11. Bb2 a5 12. a3 Ra6 13. Nbd2 Bf8 14. Ne5 Nxe5 15.
Rxe5 Nd7 16. Re2 e5 17. Qc2 Nc5 18. b4 axb4 19. axb4 Rxa1+ 20. Bxa1 Na6 21. b5
Nb4 22. Qb3 Bf5 23. Ne4 Qa5 24. Bb2 Ra8 25. h3 Qa4 26. Qxa4 Rxa4 27. g4 Bd7 28.
Rd2 Ra2 29. Bf1 f5 30. gxf5 Bxf5 31. f3 Be7 32. Kh2 Kf7 33. Kg3 Ke6 34. h4 h6
35. Rh2 Kd7 36. Rf2 Kc7 37. h5 Bxe4 38. fxe4 Kb6 39. Kg4 Ka5 40. Kf5 Bf6 41.
Bxd4 exd4 42. Rxa2+ Nxa2 43. e5 Bg5 44. Ke6 Bf4 45. Kd5 Nc3+ 46. Kxd4 Kb4 47.
Bg2 b6 48. Bf3 Bg5 49. Bg4 Be7 50. Ke3 Na4 51. Kd4 Nc3 52. Ke3 Bg5+ 53. Kd4 Bf4
54. e6 Bd6 55. Bf3 1/2-1/2

[Event "TCh-FRA Top 16 Haute 2023"]
[Site "Chartres FRA"]
[Date "2023.06.09"]
[Round "2.4"]
[Board "1"]
[White "Vachier-Lagrave, Maxime"]
[Black "Vidit, Santosh Gujrathi"]
[Result "1/2-1/2"]
[WhiteTitle "GM"]
[BlackTitle "GM"]
[WhiteElo "2747"]
[BlackElo "2712"]
[WhiteTeam "Asnieres Le Grand Echiquier"]
[BlackTeam "Lyon Olympique Echecs"]
[WhiteFideId "623539"]
[BlackFideId "5029465"]
[EventDate "2023.06.08"]

1. c4 Nf6 2. Nc3 e5 3. Nf3 Nc6 4. e4 Bb4 5. d3 d6 6. a3 Bc5 7. b4 Bb6 8. Be2 Bg4
9. Be3 Bxf3 10. Bxf3 Nd4 11. Na4 Nxf3+ 12. Qxf3 Bxe3 13. Qxe3 O-O 14. O-O Re8
15. Nc3 c6 16. f4 a5 17. b5 exf4 18. Qxf4 Qb6+ 19. Qf2 Qxf2+ 20. Rxf2 Ng4 21.
Rd2 g6 22. Rb1 h5 23. Ne2 Ne5 24. Nd4 Rac8 25. h3 d5 26. bxc6 Nxc6 27. Nb5 dxc4
28. Nd6 c3 29. Rf2 Nd4 30. Nxe8 Rxe8 31. Rxb7 Rc8 32. Rfxf7 c2 1/2-1/2

[Event "TCh-FRA Top 16 Haute 2023"]
[Site "Chartres FRA"]
[Date "2023.06.09"]
[Round "2.4"]
[Board "2"]
[White "Ter-Sahakyan, Samvel"]
[Black "Alekseenko, Kirill"]
[Result "1-0"]
[WhiteTitle "GM"]
[BlackTitle "GM"]
[WhiteElo "2598"]
[BlackElo "2686"]
[WhiteTeam "Lyon Olympique Echecs"]
[BlackTeam "Asnieres Le Grand Echiquier"]
[WhiteFideId "13302531"]
[BlackFideId "4135539"]
[EventDate "2023.06.08"]

1. d4 Nf6 2. c4 e6 3. Nf3 d5 4. g3 Bb4+ 5. Bd2 Be7 6. Bg2 O-O 7. Qc2 Nbd7 8. O-O
c6 9. Bf4 b6 10. Nbd2 Nh5 11. Be5 Bb7 12. cxd5 exd5 13. e4 g6 14. Rfe1 Rc8 15.
Qa4 a6 16. Qb3 b5 17. exd5 cxd5 18. h4 Re8 19. Bh3 Bf8 20. Ng5 h6 21. Ngf3 Rc6
22. Qd3 Bc8 23. Kh2 Nb6 24. Nf1 Nc4 25. b3 Bxh3 26. Kxh3 Qc8+ 27. Kg2 Nxe5 28.
Nxe5 Rc3 29. Qd1 Bg7 30. Ne3 Qe6 31. N3g4 Qd6 32. Qd2 Rec8 33. Nxh6+ Bxh6 34.
Qxh6 Qf6 35. Re2 Qf5 36. Rae1 Nf6 37. Nxf7 Ne4 38. Ne5 Rf8 39. Qxg6+ 1-0

[Event "TCh-FRA Top 16 Haute 2023"]
[Site "Chartres FRA"]
[Date "2023.06.09"]
[Round "2.4"]
[Board "3"]
[White "Harikrishna, Pentala"]
[Black "Pichot, Alan"]
[Result "1/2-1/2"]
[WhiteTitle "GM"]
[BlackTitle "GM"]
[WhiteElo "2704"]
[BlackElo "2638"]
[WhiteTeam "Asnieres Le Grand Echiquier"]
[BlackTeam "Lyon Olympique Echecs"]
[WhiteFideId "5007003"]
[BlackFideId "110973"]
[EventDate "2023.06.08"]

1. c4 e6 2. Nc3 d5 3. d4 Nf6 4. cxd5 exd5 5. Bg5 Bb4 6. e3 h6 7. Bxf6 Qxf6 8.
Qb3 Qd6 9. a3 Bxc3+ 10. Qxc3 Bf5 11. Qb4 Qxb4+ 12. axb4 Nd7 13. Ne2 Ke7 14. Nc3
c6 15. b5 a6 16. bxc6 bxc6 17. Be2 Rhb8 18. Ra2 Rb3 19. O-O Rab8 20. Na4 Bd3 21.
Bxd3 Rxd3 22. Rc1 Kd6 23. Nc3 Rd2 24. Nd1 Rb6 25. Kf1 c5 26. b4 Rxa2 27. bxc5+
Kc6 28. cxb6+ Kxb6 29. Nc3 Ra5 30. Ke2 Kc6 31. g4 Nb6 32. f3 Kd6 33. e4 dxe4 34.
fxe4 Ra3 35. Rb1 Kc6 36. Kd2 Nc4+ 37. Kc2 Ne3+ 38. Kd3 Nxg4 39. Rf1 Nf6 40. Ra1 1/2-1/2

[Event "TCh-FRA Top 16 Haute 2023"]
[Site "Chartres FRA"]
[Date "2023.06.09"]
[Round "2.4"]
[Board "4"]
[White "Vernay, Clovis"]
[Black "Esipenko, Andrey"]
[Result "0-1"]
[WhiteTitle "GM"]
[BlackTitle "GM"]
[WhiteElo "2491"]
[BlackElo "2682"]
[WhiteTeam "Lyon Olympique Echecs"]
[BlackTeam "Asnieres Le Grand Echiquier"]
[WhiteFideId "633046"]
[BlackFideId "24175439"]
[EventDate "2023.06.08"]

1. d4 Nf6 2. c4 e6 3. Nc3 d5 4. cxd5 exd5 5. Bg5 c6 6. e3 h6 7. Bf4 Bf5 8. Bd3
Bxd3 9. Qxd3 Nbd7 10. Nge2 Nh5 11. Be5 Qg5 12. Bg3 Nxg3 13. hxg3 g6 14. O-O-O
Bg7 15. Kb1 Nb6 16. Nf4 O-O 17. Qc2 a5 18. Ka1 a4 19. Nd3 a3 20. b3 Nc8 21. Kb1
Nd6 22. Rh3 h5 23. Rh4 Rfe8 24. Ne1 Rac8 25. Qd3 c5 26. Nf3 Qf5 27. Qxf5 Nxf5
28. Nxd5 Nxh4 29. gxh4 cxd4 30. Nxd4 Rc5 31. Nb4 Bxd4 32. exd4 Rcc8 33. Nc2 Re2
34. Nxa3 Ra8 35. Nc4 Raxa2 36. d5 b5 37. Nd6 Reb2+ 38. Kc1 Rxf2 0-1

[Event "TCh-FRA Top 16 Haute 2023"]
[Site "Chartres FRA"]
[Date "2023.06.09"]
[Round "2.4"]
[Board "5"]
[White "Cornette, Matthieu"]
[Black "Crut, Aurelien"]
[Result "1-0"]
[WhiteTitle "GM"]
[BlackTitle "IM"]
[WhiteElo "2578"]
[BlackElo "2343"]
[WhiteTeam "Asnieres Le Grand Echiquier"]
[BlackTeam "Lyon Olympique Echecs"]
[WhiteFideId "620084"]
[BlackFideId "610569"]
[EventDate "2023.06.08"]

1. e4 e6 2. d4 d5 3. Nc3 Nc6 4. Nf3 Nf6 5. Bd3 Nb4 6. Bg5 Be7 7. e5 Nd7 8. Bxe7
Qxe7 9. O-O O-O 10. Re1 c5 11. dxc5 Nxc5 12. Bf1 Nc6 13. a3 f6 14. exf6 Qxf6 15.
Qd2 Nd7 16. Nb5 Nb6 17. a4 Rb8 18. a5 Na8 19. c4 a6 20. cxd5 exd5 21. Qxd5+ Kh8
22. Nd6 Nc7 23. Qd2 Bg4 24. Ra3 Rbd8 25. Rd3 Ne6 26. Ne4 Rxd3 27. Bxd3 Qd8 28.
Neg5 Nxg5 29. Nxg5 h6 30. Ne6 Bxe6 31. Rxe6 Qxa5 32. Rxh6+ 1-0

[Event "TCh-FRA Top 16 Haute 2023"]
[Site "Chartres FRA"]
[Date "2023.06.09"]
[Round "2.4"]
[Board "6"]
[White "Buscara, Sevan"]
[Black "Moussard, Jules"]
[Result "0-1"]
[WhiteTitle "IM"]
[BlackTitle "GM"]
[WhiteElo "2361"]
[BlackElo "2655"]
[WhiteTeam "Lyon Olympique Echecs"]
[BlackTeam "Asnieres Le Grand Echiquier"]
[WhiteFideId "650234"]
[BlackFideId "642908"]
[EventDate "2023.06.08"]

1. c4 e5 2. Nc3 Nf6 3. Nf3 Nc6 4. g3 Bb4 5. Bg2 O-O 6. O-O Bxc3 7. bxc3 d6 8. d3
h6 9. Rb1 Rb8 10. Nh4 e4 11. dxe4 Re8 12. c5 Nxe4 13. Qc2 d5 14. Bb2 Qe7 15. c4
Qxc5 16. Rbc1 Qxc4 17. Qb1 Qb4 18. Qa1 Qf8 19. Rfd1 Be6 20. a4 Rbc8 21. Ba3 Nb4
22. Bxe4 dxe4 23. Rd4 c5 24. Rxe4 b6 25. Bb2 Rcd8 26. Rf4 Bc8 27. Ng6 Qd6 28.
Nh8 f6 29. Ng6 Nd5 30. Rd1 Qe6 31. Rf3 Qxe2 32. Rfd3 Qe4 33. Nh4 Nf4 34. f3 Nh3+
35. Kh1 Rxd3 36. Qa2+ Be6 0-1

[Event "TCh-FRA Top 16 Haute 2023"]
[Site "Chartres FRA"]
[Date "2023.06.09"]
[Round "2.4"]
[Board "7"]
[White "Degraeve, Jean-Marc"]
[Black "Benitah, Yohan"]
[Result "1-0"]
[WhiteTitle "GM"]
[BlackTitle "IM"]
[WhiteElo "2463"]
[BlackElo "2361"]
[WhiteTeam "Asnieres Le Grand Echiquier"]
[BlackTeam "Lyon Olympique Echecs"]
[WhiteFideId "600270"]
[BlackFideId "609560"]
[EventDate "2023.06.08"]

1. d4 Nf6 2. c4 c5 3. e3 d6 4. Nc3 Nbd7 5. Nf3 g6 6. Be2 Bg7 7. O-O O-O 8. d5 a6
9. a4 Re8 10. h3 h6 11. e4 e6 12. Bd3 Nf8 13. Re1 e5 14. a5 Nh5 15. Be3 Nf4 16.
Bf1 f5 17. exf5 Bxf5 18. Nd2 g5 19. Nde4 Rb8 20. Kh2 Qd7 21. Qa4 Qc7 22. b4 Nd7
23. bxc5 dxc5 24. g3 Ng6 25. Bd3 Kh8 26. Qc2 Ngf8 27. Ra3 Bh7 28. Nd2 e4 29.
Bxe4 Rxe4 30. Ncxe4 Re8 31. f3 Ng6 32. Kg2 Nge5 33. Bf2 h5 34. Qa4 g4 35. hxg4
hxg4 36. f4 Nf3 37. Nxf3 gxf3+ 38. Kxf3 Bxe4+ 39. Rxe4 Rxe4 40. Kxe4 Nf6+ 41.
Kf3 Qf7 42. Re3 1-0

[Event "TCh-FRA Top 16 Haute 2023"]
[Site "Chartres FRA"]
[Date "2023.06.09"]
[Round "2.4"]
[Board "8"]
[White "Djidjeli, Sarah"]
[Black "Guichard, Pauline"]
[Result "0-1"]
[WhiteTitle "WFM"]
[BlackTitle "IM"]
[WhiteElo "2018"]
[BlackElo "2395"]
[WhiteTeam "Lyon Olympique Echecs"]
[BlackTeam "Asnieres Le Grand Echiquier"]
[WhiteFideId "36067474"]
[BlackFideId "639370"]
[EventDate "2023.06.08"]

1. e4 e5 2. Nf3 Nc6 3. Bc4 Nf6 4. d3 Bc5 5. Nc3 a6 6. Bg5 h6 7. Bxf6 Qxf6 8. Nd5
Qd8 9. c3 d6 10. d4 Ba7 11. dxe5 Nxe5 12. Nxe5 dxe5 13. Qe2 c6 14. Ne3 Qf6 15.
O-O O-O 16. Rad1 Qf4 17. Qd3 g6 18. Bb3 Kg7 19. a4 a5 20. Nc4 Bg4 21. Rde1 Bc5
22. Qg3 Rfe8 23. Ne3 h5 24. Qxf4 exf4 25. Nc2 Rad8 26. h3 Bc8 27. Na1 g5 28. e5
g4 29. Re4 g3 30. Rxf4 Bxf2+ 31. R4xf2 gxf2+ 32. Rxf2 Be6 33. Bc2 Rd5 34. Nb3
Rxe5 35. Nd4 Bd5 36. Nf5+ Kf8 37. c4 Bxc4 38. Rf4 Bd5 39. Nd6 Re1+ 40. Kh2 R8e2 0-1

[Event "TCh-FRA Top 16 Haute 2023"]
[Site "Chartres FRA"]
[Date "2023.06.10"]
[Round "3.1"]
[Board "1"]
[White "Fressinet, Laurent"]
[Black "Saric, Ivan"]
[Result "1/2-1/2"]
[WhiteTitle "GM"]
[BlackTitle "GM"]
[WhiteElo "2632"]
[BlackElo "2670"]
[WhiteTeam "Bischwiller"]
[BlackTeam "Grasse Echecs"]
[WhiteFideId "608742"]
[BlackFideId "14508150"]
[EventDate "2023.06.08"]

1. d4 Nf6 2. c4 g6 3. Nf3 Bg7 4. g3 c6 5. Nc3 d5 6. Qb3 dxc4 7. Qxc4 O-O 8. Bg2
Bf5 9. O-O Nbd7 10. Re1 Ne4 11. Qb3 Qa5 12. Bf4 Nb6 13. Rec1 Be6 14. Qd1 Nxc3
15. bxc3 Rfd8 16. a4 1/2-1/2

[Event "TCh-FRA Top 16 Haute 2023"]
[Site "Chartres FRA"]
[Date "2023.06.10"]
[Round "3.1"]
[Board "2"]
[White "Demuth, Adrien"]
[Black "Bacrot, Etienne"]
[Result "0-1"]
[WhiteTitle "GM"]
[BlackTitle "GM"]
[WhiteElo "2485"]
[BlackElo "2672"]
[WhiteTeam "Grasse Echecs"]
[BlackTeam "Bischwiller"]
[WhiteFideId "642274"]
[BlackFideId "605506"]
[EventDate "2023.06.08"]

1. Nf3 d5 2. g3 Nf6 3. Bg2 e6 4. O-O Bd6 5. c4 O-O 6. d4 h6 7. Nc3 Nc6 8. Qd3
Nb4 9. Qb1 dxc4 10. Rd1 Nfd5 11. Nd2 Nb6 12. b3 N4d5 13. Nxd5 exd5 14. bxc4 dxc4
15. a4 Bg4 16. f3 Bd7 17. a5 Nd5 18. Ne4 b5 19. Bd2 Be7 20. f4 Rb8 21. Nf2 Nf6
22. Bb4 Ng4 23. e4 Re8 24. Bf3 Nxf2 25. Kxf2 Bd6 26. e5 Bxb4 27. Qxb4 Bf5 28.
Qc5 Qe7 29. Qxa7 c3 30. Qc5 c2 31. Qxe7 cxd1=N+ 32. Ke1 Rxe7 33. a6 c6 34. Bxc6
Ra7 0-1

[Event "TCh-FRA Top 16 Haute 2023"]
[Site "Chartres FRA"]
[Date "2023.06.10"]
[Round "3.1"]
[Board "3"]
[White "Rodshtein, Maxim"]
[Black "Lupulescu, Constantin"]
[Result "1/2-1/2"]
[WhiteTitle "GM"]
[BlackTitle "GM"]
[WhiteElo "2604"]
[BlackElo "2573"]
[WhiteTeam "Bischwiller"]
[BlackTeam "Grasse Echecs"]
[WhiteFideId "2806851"]
[BlackFideId "1207822"]
[EventDate "2023.06.08"]

1. c4 e6 2. Nc3 d5 3. d4 Nf6 4. cxd5 exd5 5. Bg5 c6 6. e3 h6 7. Bh4 Be7 8. Bd3
O-O 9. Nge2 Ne8 10. Bg3 Nd6 11. Qc2 Re8 12. O-O Bf8 13. Rad1 a5 14. Rfe1 Na6 15.
a3 Bd7 16. Nc1 b5 17. e4 b4 18. Bxd6 Bxd6 19. e5 Bf8 20. Na4 bxa3 21. bxa3 Nc7
22. Nb6 Rb8 23. Nxd7 Qxd7 24. Bh7+ Kh8 25. Bf5 Ne6 26. Re3 Qa7 27. Bxe6 Rxe6 28.
Rc3 c5 29. dxc5 Rxe5 30. Nd3 Re4 31. g3 Rc8 32. c6 Qa6 33. Rc1 Bd6 34. Nc5 Bxc5
35. Rxc5 Re6 36. c7 Re7 37. Qd2 Qe6 38. Qxa5 d4 39. Rd5 Rd7 40. Rxd7 Qxd7 41. h4
d3 42. Qd2 h5 43. Rc3 g6 44. a4 Rxc7 45. Rxc7 Qxc7 46. Qxd3 Qc1+ 47. Qf1 Qc3 48.
Qb1 f5 49. Qb8+ Kg7 50. Qa7+ Kf6 51. Qb6+ Kg7 52. Kg2 Qc4 53. Qb7+ Kh6 54. Qa8
Kg7 55. Qb7+ Kh6 56. a5 f4 57. Qb8 Kh7 58. Qe5 fxg3 59. fxg3 Qc2+ 60. Kf1 Qd1+
61. Kf2 Qd2+ 62. Kf1 Qd1+ 63. Qe1 Qd3+ 64. Kg1 Qd4+ 65. Kh2 Qc4 66. Qd2 Qa4 67.
Kg1 Qa1+ 68. Kg2 Qa4 69. Qc3 Qa2+ 70. Kf3 Qd5+ 71. Ke3 Qe6+ 72. Kd4 Qf6+ 73. Kc4
Qc6+ 74. Kb4 Qb7+ 75. Ka3 Qe7+ 76. Kb3 Qb7+ 77. Ka3 Qe7+ 78. Qb4 Qe3+ 79. Ka4
Qe8+ 80. Kb3 Qe3+ 81. Qc3 Qe6+ 82. Qc4 Qe3+ 83. Ka4 Qe8+ 84. Ka3 Qe3+ 85. Kb4
Qe7+ 86. Qc5 Qb7+ 87. Qb6 Qe4+ 88. Kb5 Kh6 89. a6 Qd3+ 90. Kc6 Qe4+ 91. Kd6 Qd3+
92. Ke7 Qxg3 93. a7 Qxh4+ 94. Kd7 Qg4+ 95. Kc7 Qf4+ 96. Kb7 Qe4+ 97. Qc6 Qe7+
98. Ka6 Qa3+ 99. Kb6 Qb4+ 100. Kc7 Qe7+ 101. Kb6 Qb4+ 102. Qb5 Qd6+ 103. Kb7
Qe7+ 104. Ka6 Qa3+ 105. Qa5 Qd3+ 106. Qb5 Qa3+ 107. Kb6 Qd6+ 108. Qc6 Qb4+ 109.
Kc7 Qe7+ 110. Qd7 Qc5+ 111. Kb7 Qb4+ 112. Kc6 Qe4+ 113. Qd5 Qa4+ 114. Kb6 Qb4+
115. Kc7 Qe7+ 116. Qd7 Qc5+ 117. Kb7 Qb4+ 118. Kc6 Qe4+ 119. Kd6 h4 120. Qe7
Qb4+ 121. Kd7 Qb7+ 122. Ke8 Qa8+ 123. Kf7 Qd5+ 124. Kf8 Qa8+ 1/2-1/2

[Event "TCh-FRA Top 16 Haute 2023"]
[Site "Chartres FRA"]
[Date "2023.06.10"]
[Round "3.1"]
[Board "4"]
[White "Loiseau, Quentin"]
[Black "Naiditsch, Arkadij"]
[Result "1-0"]
[WhiteTitle "IM"]
[BlackTitle "GM"]
[WhiteElo "2464"]
[BlackElo "2669"]
[WhiteTeam "Grasse Echecs"]
[BlackTeam "Bischwiller"]
[WhiteFideId "665274"]
[BlackFideId "4650891"]
[EventDate "2023.06.08"]

1. e4 c5 2. Nf3 d6 3. d4 cxd4 4. Nxd4 Nf6 5. Nc3 Bd7 6. f3 e5 7. Nb3 Be7 8. Be3
O-O 9. Qd2 a5 10. a4 Na6 11. Bxa6 bxa6 12. O-O Qc7 13. Bg5 Be6 14. Rfd1 Rab8 15.
Bxf6 gxf6 16. Rac1 Rb4 17. f4 Kh8 18. Kh1 Rc8 19. f5 Bc4 20. Qh6 Qd8 21. Nd2
Rxb2 22. Nxc4 Rxc4 23. Rd3 Bf8 24. Qh4 Bg7 25. Rh3 Qg8 26. Rg1 h6 27. g4 Rxc2
28. g5 Bf8 29. gxh6 1-0

[Event "TCh-FRA Top 16 Haute 2023"]
[Site "Chartres FRA"]
[Date "2023.06.10"]
[Round "3.1"]
[Board "5"]
[White "Ragger, Markus"]
[Black "Parligras, Mircea-Emilian"]
[Result "1/2-1/2"]
[WhiteTitle "GM"]
[BlackTitle "GM"]
[WhiteElo "2631"]
[BlackElo "2556"]
[WhiteTeam "Bischwiller"]
[BlackTeam "Grasse Echecs"]
[WhiteFideId "1610856"]
[BlackFideId "1204297"]
[EventDate "2023.06.08"]

1. e4 e5 2. Nf3 Nc6 3. Bc4 Bc5 4. O-O Nf6 5. d3 a6 6. c3 d6 7. Re1 Ba7 8. a4 h6
9. Nbd2 g5 10. b4 Nh7 11. Rf1 O-O 12. Nb3 Qf6 13. Be3 Bg4 14. b5 Ne7 15. d4 axb5
16. axb5 Bb6 17. Be2 Rxa1 18. Nxa1 Bc8 19. Nc2 exd4 20. Nfxd4 d5 21. f4 Qg7 22.
e5 Ng6 23. fxg5 Nxg5 24. Nf3 Nf4 25. Kh1 Bxe3 26. Nxe3 Ne4 27. Bd3 Bf5 28. Ne1
Nxd3 29. Nxd3 Bh7 30. Qe1 Ng3+ 31. hxg3 Bxd3 32. Rf4 Qxe5 33. Qd2 Qh5+ 34. Kg1
Qe2 35. Qxe2 1/2-1/2